[Event "Gibraltar Challengers A"]
[Site "Gibraltar"]
[Date "2019.01.22"]
[Round "2.26"]
[White "Francois-Haugrin, Said"]
[Black "Cao Armillas, Jesus"]
[Result "0-1"]
[WhiteElo "1825"]
[BlackElo "2048"]
[PlyCount "48"]
[EventDate "2019.01.21"]
[EventType "swiss"]
[EventRounds "5"]
[EventCountry "GGB"]

1. e4 c5 2. Nf3 e6 3. d4 cxd4 4. Nxd4 a6 5. Be2 Nf6 6. Nc3 Nc6 7. O-O Qc7 8.
Be3 Bb4 9. Qd3 Ne5 10. Qd1 Bxc3 11. bxc3 Nxe4 12. Bf4 d6 13. c4 Nc3 14. Qd2
Nxe2+ 15. Nxe2 Nxc4 16. Qc3 e5 17. Qg3 O-O 18. Bg5 f5 19. f3 f4 20. Qh4 Ne3 21.
Rfc1 h6 22. Bxh6 gxh6 23. Qxh6 Qg7 24. Qxg7+ Kxg7 0-1

[Event "Gibraltar Challengers A"]
[Site "Gibraltar"]
[Date "2019.01.22"]
[Round "2.28"]
[White "Lung, Liviu-Catalin"]
[Black "Obiamiwe, Paul"]
[Result "1/2-1/2"]
[WhiteElo "2036"]
[BlackElo "1903"]
[PlyCount "78"]
[EventDate "2019.01.21"]
[EventType "swiss"]
[EventRounds "5"]
[EventCountry "GGB"]

1. e4 e5 2. Nf3 Nc6 3. Bb5 a6 4. Ba4 Nf6 5. d4 b5 6. Bb3 exd4 7. O-O Be7 8. e5
Ne4 9. Nxd4 Nc5 10. Nxc6 dxc6 11. Qf3 Nxb3 12. axb3 Qd5 13. Qg3 Bb7 14. Nc3 Qe6
15. Bg5 O-O 16. Ne4 c5 17. Bf6 Bxf6 18. exf6 g6 19. Nxc5 Qc6 20. Nxb7 Qxb7 21.
Qg5 Qc6 22. Rae1 Rfe8 23. Re3 h6 24. Qf4 g5 25. Qf5 Re6 26. Rxe6 Qxe6 27. Qxe6
fxe6 28. Rd1 Kf7 29. Rd7+ Kxf6 30. Rxc7 Rd8 31. Kf1 Rd1+ 32. Ke2 Rb1 33. Kd2
Rf1 34. Ke2 Rb1 35. Kf3 h5 36. h3 Rxb2 37. Ke4 Rb1 38. Rc6 Re1+ 39. Kf3 Ra1
1/2-1/2

[Event "Gibraltar Challengers A"]
[Site "Gibraltar"]
[Date "2019.01.23"]
[Round "3.1"]
[White "Rodriguez Perez, Angel Mariano"]
[Black "Villar Reymundo, Juan Antonio"]
[Result "1-0"]
[WhiteElo "2204"]
[BlackElo "2237"]
[PlyCount "83"]
[EventDate "2019.01.21"]
[EventType "swiss"]
[EventRounds "5"]
[EventCountry "GGB"]

1. e4 c5 2. Nc3 Nc6 3. g3 g6 4. Bg2 Bg7 5. d3 d6 6. f4 e6 7. Nf3 Nge7 8. O-O
O-O 9. Rb1 b6 10. Be3 Ba6 11. Re1 Qc7 12. a4 Rad8 13. Nb5 Qb8 14. c3 Bb7 15.
Bf2 a6 16. Na3 Qc7 17. Nc2 h6 18. Qe2 Rfe8 19. d4 Kh7 20. e5 cxd4 21. exd6 Rxd6
22. Ncxd4 Nxd4 23. Nxd4 Bxg2 24. Kxg2 Nc6 25. Nf3 Qb7 26. Qe4 f5 27. Qe3 e5 28.
Qxb6 Qxb6 29. Bxb6 e4 30. Ng1 Nb4 31. Bc5 Rd2+ 32. Re2 Rxe2+ 33. Nxe2 Nd3 34.
Bd4 Bf8 35. b4 g5 36. Kf1 Bd6 37. Be3 gxf4 38. Nxf4 Bxf4 39. Bxf4 e3 40. Ke2
Nxf4+ 41. gxf4 Re4 42. b5 1-0

[Event "Gibraltar Challengers A"]
[Site "Gibraltar"]
[Date "2019.01.23"]
[Round "3.2"]
[White "Meszaros, Andras"]
[Black "Lim, Zhuo Ren"]
[Result "0-1"]
[WhiteElo "2226"]
[BlackElo "2178"]
[PlyCount "166"]
[EventDate "2019.01.21"]
[EventType "swiss"]
[EventRounds "5"]
[EventCountry "GGB"]

1. d4 Nf6 2. c4 e6 3. Nf3 c5 4. e3 cxd4 5. exd4 d5 6. Nc3 Bb4 7. Bd3 dxc4 8.
Bxc4 O-O 9. O-O b6 10. Bg5 Bb7 11. a3 Bxc3 12. bxc3 Nbd7 13. Bd3 Qc7 14. c4 Ng4
15. d5 exd5 16. cxd5 Qd6 17. Qa4 Ngf6 18. Rad1 Nc5 19. Qd4 Nxd3 20. Bxf6 Qxf6
21. Qxd3 Rad8 22. Qb5 Qf5 23. Qa4 Rxd5 24. Rxd5 Bxd5 25. Qxa7 Bxf3 26. gxf3
Qxf3 27. Qxb6 Qxa3 28. Rd1 h6 29. Qd6 Qf3 30. Rd3 Qf5 31. Rb3 Qc8 32. Rg3 Kh8
33. Qd4 Qc1+ 34. Kg2 Qc6+ 35. Kg1 Rg8 36. Rc3 Qe6 37. Re3 Qf5 38. Rg3 Qb1+ 39.
Kg2 Qb7+ 40. Kg1 Kh7 41. Qc3 g6 42. Qb3 Qe7 43. Re3 Qg5+ 44. Rg3 Qc1+ 45. Kg2
Qc6+ 46. Kg1 Rf8 47. Rc3 Qd7 48. Rf3 Kg8 49. Rd3 Qe7 50. Re3 Qg5+ 51. Rg3 Qc1+
52. Kg2 Qc6+ 53. Qf3 Qc4 54. Rg4 Qc5 55. Qe3 Qxe3 56. fxe3 Re8 57. Kf3 Kg7 58.
Ra4 Kf6 59. Rf4+ Kg7 60. Ra4 Re5 61. Ra6 Rh5 62. Kg3 Rf5 63. Rb6 Ra5 64. Rc6
Ra4 65. Rb6 g5 66. Rc6 f6 67. Rb6 Kg6 68. Rb5 h5 69. Rb2 h4+ 70. Kg2 g4 71. Kf2
Kf5 72. Rc2 Kg5 73. Rb2 f5 74. Rc2 Rb4 75. Ra2 Rc4 76. Rb2 Ra4 77. Rc2 h3 78.
Ke2 Ra1 79. Kd3 Rd1+ 80. Kc4 Rg1 81. Kd4 Rg2 82. Rc8 Rxh2 83. e4 fxe4 0-1

[Event "Gibraltar Challengers A"]
[Site "Gibraltar"]
[Date "2019.01.23"]
[Round "3.4"]
[White "Abdulraheem, Abdulrahman Akintoy"]
[Black "Vinal Gutierrez, Pedro"]
[Result "1-0"]
[WhiteElo "2224"]
[BlackElo "1997"]
[PlyCount "47"]
[EventDate "2019.01.21"]
[EventType "swiss"]
[EventRounds "5"]
[EventCountry "GGB"]

1. Nf3 d5 2. c4 e6 3. g3 dxc4 4. Bg2 a6 5. a4 Nc6 6. Na3 Bxa3 7. bxa3 e5 8. O-O
Be6 9. Bb2 f6 10. Nh4 Nge7 11. f4 exf4 12. Rxf4 O-O 13. Qc2 Na5 14. Be4 h6 15.
Raf1 Bh3 16. Bh7+ Kh8 17. R1f3 Qd6 18. Re4 Nac6 19. g4 c3 20. Bxc3 Bxg4 21.
Rxg4 Qc5+ 22. d4 Qh5 23. Rfg3 g5 24. Ng6+ 1-0

[Event "Gibraltar Challengers A"]
[Site "Gibraltar"]
[Date "2019.01.23"]
[Round "3.5"]
[White "Janiszewski, Maciej"]
[Black "Elishev, Ivan"]
[Result "1/2-1/2"]
[WhiteElo "2146"]
[BlackElo "2224"]
[PlyCount "171"]
[EventDate "2019.01.21"]
[EventType "swiss"]
[EventRounds "5"]
[EventCountry "GGB"]

1. e4 c5 2. Nf3 Nc6 3. d4 cxd4 4. Nxd4 Nf6 5. Nc3 e5 6. Ndb5 d6 7. Nd5 Nxd5 8.
exd5 Nb8 9. c3 Be7 10. Be3 a6 11. Na3 Nd7 12. f4 O-O 13. Bd3 exf4 14. Bxf4 Ne5
15. Be2 Bg5 16. Qd2 Bxf4 17. Qxf4 Bg4 18. Qf2 Bxe2 19. Qxe2 Qh4+ 20. g3 Qh3 21.
O-O-O b5 22. Kb1 Rae8 23. Qf1 Qh5 24. Qf4 Qg6+ 25. Ka1 Nd3 26. Qd4 Nc5 27. Rhe1
Qh5 28. h4 Qf3 29. Qf4 Qxf4 30. gxf4 f5 31. Nc2 Re4 32. Rf1 Rfe8 33. Nd4 g6 34.
h5 Kf7 35. Nf3 Kf6 36. Ng5 R4e7 37. hxg6 hxg6 38. Rh1 Ne4 39. Nxe4+ fxe4 40.
Rdg1 e3 41. Kb1 e2 42. Re1 Kf5 43. Rhg1 Re4 44. Rg5+ Kf6 45. Rg2 Rxf4 46. Rgxe2
Rxe2 47. Rxe2 Kf7 48. b3 Rf5 49. c4 bxc4 50. bxc4 Rf4 51. Rc2 g5 52. Kb2 Rf3
53. Re2 g4 54. Kc2 g3 55. Re4 Ra3 56. Kb2 Rd3 57. Kc2 Rf3 58. Rg4 Kf6 59. Kd2
Ke5 60. Ke2 Ra3 61. Kf1 Rc3 62. Kg2 a5 63. a4 Ra3 64. Rh4 Rxa4 65. Kxg3 Ra3+
66. Kf2 a4 67. Ke2 Ra1 68. Kd3 Rd1+ 69. Kc3 a3 70. Rh2 Re1 71. Ra2 Re3+ 72. Kb4
Kd4 73. Rd2+ Rd3 74. Re2 Rd1 75. Kb5 Rb1+ 76. Kc6 Rb2 77. Re1 a2 78. Ra1 Kxc4
79. Kxd6 Rd2 80. Kc6 Kb3 81. d6 Kb2 82. Rxa2+ Kxa2 83. d7 Rc2+ 84. Kb7 Rd2 85.
Kc7 Rxd7+ 86. Kxd7 1/2-1/2

[Event "Gibraltar Challengers A"]
[Site "Gibraltar"]
[Date "2019.01.23"]
[Round "3.6"]
[White "Janse, Jan Jaap"]
[Black "Tworzydlo, Piotr"]
[Result "0-1"]
[WhiteElo "2222"]
[BlackElo "2165"]
[PlyCount "116"]
[EventDate "2019.01.21"]
[EventType "swiss"]
[EventRounds "5"]
[EventCountry "GGB"]

1. d4 g6 2. Nf3 Nf6 3. g3 Bg7 4. Bg2 O-O 5. O-O d6 6. b3 a5 7. c4 c5 8. Bb2
cxd4 9. Nxd4 Na6 10. Nc3 Nc5 11. Qc2 Bd7 12. Rfd1 Qc8 13. Rac1 Bh3 14. Bh1 h5
15. Nd5 Nxd5 16. Bxd5 Kh8 17. Qd2 Kh7 18. Nf3 Bxb2 19. Ng5+ Kg8 20. Qxb2 Bd7
21. Qc2 Bf5 22. Qc3 Ra7 23. Rd4 b6 24. Rf4 e5 25. Rf3 Kg7 26. Re3 f6 27. Nf3
Be6 28. Rd1 Bxd5 29. Rxd5 Rd7 30. Nh4 Qe8 31. f4 Qf7 32. f5 g5 33. Ng6 Rc8 34.
Qd2 Nb7 35. Rb5 d5 36. Rxd5 Rxd5 37. cxd5 Nd6 38. Rf3 Rc5 39. Nxe5 fxe5 40.
Qxg5+ Kh7 41. g4 hxg4 42. Qh4+ Kg8 43. Qd8+ Ne8 44. Rg3 Rxd5 45. Rxg4+ Kf8 46.
Qxb6 Qxf5 47. Qh6+ Kf7 48. Qg5 Rd1+ 49. Kg2 Qf1+ 50. Kg3 Nf6 51. Qg6+ Ke6 52.
Rg5 Qf4+ 53. Kg2 Rf1 54. Rg3 Rf2+ 55. Kh3 Rxe2 56. a4 Qf1+ 57. Kh4 Re4+ 58. Kg5
Qc1+ 0-1

[Event "Gibraltar Challengers A"]
[Site "Gibraltar"]
[Date "2019.01.23"]
[Round "3.7"]
[White "Maisuradze, Nino"]
[Black "Jordan Martinez, Miguel"]
[Result "1-0"]
[WhiteElo "2215"]
[BlackElo "2142"]
[PlyCount "79"]
[EventDate "2019.01.21"]
[EventType "swiss"]
[EventRounds "5"]
[EventCountry "GGB"]

1. d4 d6 2. Nf3 Bg4 3. e4 e6 4. Be3 Nf6 5. Nbd2 c6 6. c3 d5 7. Qb3 Qb6 8. Ne5
Nbd7 9. exd5 exd5 10. Nxg4 Nxg4 11. Bf4 Be7 12. Bd3 O-O 13. Qc2 Ngf6 14. O-O c5
15. dxc5 Nxc5 16. Be2 Ne6 17. Be3 Qc7 18. Nb3 Bd6 19. g3 Rfe8 20. Bf3 Rad8 21.
Rad1 Be5 22. Qd3 b6 23. Qb5 Qc4 24. Rxd5 Qxb5 25. Rxb5 Nc7 26. Rb4 Ncd5 27. Ra4
Nxe3 28. fxe3 a5 29. Nd4 Bd6 30. Kf2 Bc5 31. Rd1 h5 32. Rc4 Rc8 33. b4 axb4 34.
cxb4 Bd6 35. Nc6 Bc7 36. Rdc1 Kf8 37. Na7 Bxg3+ 38. hxg3 Ra8 39. Bxa8 Rxa8 40.
Rc8+ 1-0

[Event "Gibraltar Challengers A"]
[Site "Gibraltar"]
[Date "2019.01.23"]
[Round "3.8"]
[White "Kandic, Milan"]
[Black "Lucas Vega, Ivan"]
[Result "1/2-1/2"]
[WhiteElo "2136"]
[BlackElo "2203"]
[PlyCount "65"]
[EventDate "2019.01.21"]
[EventType "swiss"]
[EventRounds "5"]
[EventCountry "GGB"]

1. Nf3 e6 2. d4 d5 3. Bf4 Nf6 4. e3 c6 5. Bd3 Be7 6. h3 Nbd7 7. a4 b6 8. Ne5
Bb7 9. Nd2 a5 10. Ndf3 Nxe5 11. Nxe5 Nd7 12. Qh5 Nxe5 13. Bxe5 Bf6 14. O-O Bxe5
15. dxe5 Qe7 16. c3 Ba6 17. Bxa6 Rxa6 18. e4 O-O 19. exd5 cxd5 20. Rad1 g6 21.
Qe2 Ra7 22. Rd4 Rc8 23. h4 Rac7 24. h5 Rc4 25. Rfd1 Qg5 26. hxg6 hxg6 27. f4
Qe7 28. Qf2 Kg7 29. Rxc4 Rxc4 30. Rd4 Qc5 31. Rxc4 Qxc4 32. Qxb6 Qxa4 33. Qf2
1/2-1/2

[Event "Gibraltar Challengers A"]
[Site "Gibraltar"]
[Date "2019.01.23"]
[Round "3.9"]
[White "Jordan Martinez, David"]
[Black "Torres, Federico"]
[Result "0-1"]
[WhiteElo "2125"]
[BlackElo "2196"]
[PlyCount "104"]
[EventDate "2019.01.21"]
[EventType "swiss"]
[EventRounds "5"]
[EventCountry "GGB"]

1. e4 e5 2. Nf3 Nc6 3. Bc4 Nf6 4. O-O Nxe4 5. Nc3 Nxc3 6. dxc3 Qf6 7. Ng5 Nd8
8. f4 h6 9. Ne4 Qb6+ 10. Kh1 exf4 11. Bxf4 Be7 12. Qg4 Rh7 13. Qg3 d6 14. Rae1
Be6 15. Bxe6 Nxe6 16. Nxd6+ cxd6 17. Rxe6 fxe6 18. Qg6+ Kd7 19. Qxh7 Rf8 20.
Qd3 Qxb2 21. a4 a6 22. h3 g5 23. Bg3 Rxf1+ 24. Qxf1 Qxc3 25. Kh2 Qxc2 26. a5
Qc3 27. Qb1 Qc7 28. Qg6 Qxa5 29. Qxh6 Qc3 30. Qh7 b5 31. h4 g4 32. h5 Qf6 33.
h6 Kc6 34. Qg7 b4 35. Qh7 b3 36. Qe4+ Kc7 37. h7 b2 38. Be1 g3+ 39. Bxg3 Qh6+
40. Kg1 Qc1+ 41. Kh2 b1=Q 42. Qxb1 Qxb1 43. h8=Q Qd3 44. Qa8 Qb5 45. Qe4 Kd7
46. Qh7 Qg5 47. Qb1 a5 48. Qb7+ Ke8 49. Qc6+ Kf7 50. Bxd6 Qh4+ 51. Kg1 Qd4+ 52.
Kh1 Qd1+ 0-1

[Event "Gibraltar Challengers A"]
[Site "Gibraltar"]
[Date "2019.01.23"]
[Round "3.11"]
[White "Castrillon Gomez, Melissa"]
[Black "Alarcon Olmos, Daniel"]
[Result "1-0"]
[WhiteElo "2244"]
[BlackElo "2124"]
[PlyCount "99"]
[EventDate "2019.01.21"]
[EventType "swiss"]
[EventRounds "5"]
[EventCountry "GGB"]

1. e4 c5 2. Nf3 a6 3. c3 g6 4. d4 cxd4 5. cxd4 Nf6 6. e5 Ne4 7. Bd3 Qa5+ 8.
Nbd2 d5 9. O-O Nxd2 10. Nxd2 Nc6 11. Nb3 Qb6 12. Be3 Bg7 13. Qd2 O-O 14. Nc5
Qb4 15. Qc1 f6 16. f4 fxe5 17. dxe5 Kh8 18. Nxa6 Qa5 19. Nc5 Nb4 20. Bb1 Qb5
21. a4 Qe2 22. Qd2 Qxd2 23. Bxd2 Nc6 24. Bd3 g5 25. fxg5 Rxf1+ 26. Rxf1 Nxe5
27. Bc3 d4 28. Bb4 b6 29. Be4 bxc5 30. Bxa8 cxb4 31. Rc1 Ba6 32. Bc6 Nd3 33.
Rc2 e5 34. Bb5 b3 35. Rc7 Bxb5 36. axb5 Bf8 37. b6 Nc5 38. b7 Nxb7 39. Rxb7 e4
40. Rxb3 d3 41. Rb8 Kg7 42. Rxf8 Kxf8 43. Kf2 Ke7 44. Ke3 Kd6 45. h4 Ke5 46. g4
Kd5 47. h5 Kc4 48. g6 Kb3 49. gxh7 Kc2 50. h8=Q 1-0

[Event "Gibraltar Challengers A"]
[Site "Gibraltar"]
[Date "2019.01.23"]
[Round "3.12"]
[White "Osuna Vega, Enrique"]
[Black "Longa Yauca, Javier"]
[Result "0-1"]
[WhiteElo "2116"]
[BlackElo "2226"]
[PlyCount "118"]
[EventDate "2019.01.21"]
[EventType "swiss"]
[EventRounds "5"]
[EventCountry "GGB"]

1. c4 Nf6 2. Nc3 e5 3. g3 Nc6 4. a3 a5 5. Bg2 Bc5 6. Nf3 d6 7. d3 h6 8. O-O O-O
9. Rb1 Bf5 10. Nd2 Qd7 11. Nde4 Nxe4 12. Nxe4 Ba7 13. b4 axb4 14. axb4 Bh3 15.
b5 Ne7 16. e3 Bxg2 17. Kxg2 f5 18. Nc3 Qe6 19. Qe2 Bb6 20. Bd2 Qg6 21. Kh1 Ra3
22. Ra1 Rfa8 23. Rxa3 Rxa3 24. Qf3 c6 25. bxc6 bxc6 26. Qd1 d5 27. Na4 c5 28.
Bc1 Ra1 29. Qb3 dxc4 30. Qxc4+ Kh7 31. Kg1 Ba7 32. Nxc5 Qc6 33. Nb3 Qxc4 34.
dxc4 Ra4 35. Bb2 Nc6 36. Nd2 Ra2 37. Rb1 e4 38. Bc3 Rc2 39. Rb3 Bb8 40. f4 exf3
41. Nxf3 Ba7 42. Nd4 Rxc3 43. Rxc3 Nxd4 44. Ra3 Nc6 45. Kf2 Bc5 46. Ra6 Ne5 47.
Ke2 Kg8 48. Ra5 Nd7 49. Kd3 g5 50. e4 f4 51. gxf4 gxf4 52. e5 f3 53. e6 Ne5+
54. Ke4 f2 55. Kxe5 f1=Q 56. Rxc5 Qe2+ 57. Kf6 Qb2+ 58. Kg6 Qg2+ 59. Kf6 Qg7+
0-1

[Event "Gibraltar Challengers A"]
[Site "Gibraltar"]
[Date "2019.01.23"]
[Round "3.13"]
[White "Suez-Panama, Gilles"]
[Black "Carrascoso Morales, Abel"]
[Result "0-1"]
[WhiteElo "2078"]
[BlackElo "2219"]
[PlyCount "146"]
[EventDate "2019.01.21"]
[EventType "swiss"]
[EventRounds "5"]
[EventCountry "GGB"]

1. Nf3 c5 2. b3 d5 3. e3 Nf6 4. Bb2 a6 5. Bd3 Nc6 6. O-O Bg4 7. h3 Bh5 8. Be2
Qc7 9. d4 e6 10. Nbd2 cxd4 11. exd4 Be7 12. Re1 O-O 13. Ne5 Bxe2 14. Rxe2 Nxe5
15. dxe5 Nh5 16. g3 f6 17. Re3 g6 18. Nf3 fxe5 19. Bxe5 Bd6 20. Qd4 Rf5 21.
Bxd6 Qxd6 22. Rae1 Ng7 23. g4 Rf4 24. Qe5 Qxe5 25. Nxe5 Rc8 26. R1e2 g5 27. Kg2
b5 28. Nf3 h6 29. c3 b4 30. cxb4 Rxb4 31. Ne5 a5 32. a3 Rf4 33. Nd3 Rd4 34. Ne5
Rc1 35. Rb2 Rdd1 36. Nf3 d4 37. Re4 d3 38. Rd2 Rxd2 39. Nxd2 Rc2 40. Nc4 e5 41.
Rxe5 a4 42. Na5 d2 43. Rd5 Ne6 44. Rd6 Nf4+ 45. Kh2 Rc5 46. Rxd2 Rxa5 47. bxa4
Rxa4 48. Ra2 Kf7 49. Kg3 Ng6 50. f3 Nh4 51. Ra1 Rf4 52. Rf1 Ke6 53. Re1+ Kd5
54. Re3 Rc4 55. Rd3+ Kc5 56. Rd8 Rf4 57. Rd3 Kc4 58. Re3 Rd4 59. Re2 Rd3 60.
Rc2+ Kb3 61. Rf2 Kxa3 62. Rf1 Kb2 63. Rf2+ Kc3 64. Rf1 Rd2 65. Rg1 Rd3 66. Rf1
Kd4 67. Rf2 Ke3 68. Rf1 Ke2 69. Rf2+ Ke1 70. Ra2 Rxf3+ 71. Kh2 Rf2+ 72. Rxf2
Kxf2 73. Kh1 Kg3 0-1

[Event "Gibraltar Challengers A"]
[Site "Gibraltar"]
[Date "2019.01.23"]
[Round "3.14"]
[White "Saber, Yasser"]
[Black "Verneuil, Pascal"]
[Result "0-1"]
[WhiteElo "2201"]
[BlackElo "2114"]
[PlyCount "68"]
[EventDate "2019.01.21"]
[EventType "swiss"]
[EventRounds "5"]
[EventCountry "GGB"]

1. d3 d5 2. g3 e5 3. Nf3 Nc6 4. Bg2 Nf6 5. O-O Bg4 6. h3 Bf5 7. Bg5 Be7 8. c4
d4 9. b4 Nd7 10. Bxe7 Nxe7 11. Re1 O-O 12. e3 dxe3 13. Rxe3 Ng6 14. d4 Nb6 15.
Na3 a5 16. b5 exd4 17. Nxd4 Bc8 18. Nb3 Qf6 19. Nc5 Ne5 20. Rc1 Nbd7 21. Ne4
Qh6 22. f4 Nf6 23. Nxf6+ gxf6 24. Qd4 Ng6 25. Qxf6 Bxh3 26. Bxb7 Rae8 27. Nc2
Rd8 28. Bd5 Rd6 29. Qg5 Qg7 30. Kh2 h6 31. Qh5 Be6 32. f5 Bxd5 33. cxd5 Ne5 34.
Nd4 Ng4+ 0-1

[Event "Gibraltar Challengers A"]
[Site "Gibraltar"]
[Date "2019.01.23"]
[Round "3.15"]
[White "Onabogun, Kolade"]
[Black "Bujakevich, Aleksandr"]
[Result "1-0"]
[WhiteElo "2189"]
[BlackElo "2054"]
[PlyCount "83"]
[EventDate "2019.01.21"]
[EventType "swiss"]
[EventRounds "5"]
[EventCountry "GGB"]

1. e4 e5 2. Nf3 Nc6 3. Bb5 a6 4. Ba4 Nf6 5. O-O d6 6. c3 Bg4 7. Re1 Be7 8. d3
O-O 9. Nbd2 d5 10. h3 Bxf3 11. Qxf3 b5 12. exd5 Qxd5 13. Bb3 Qxf3 14. Nxf3 Bd6
15. a4 h6 16. Bd2 Rfe8 17. Ra2 Na5 18. Bc2 b4 19. cxb4 Nc6 20. a5 Nxb4 21. Bxb4
Bxb4 22. Rxe5 Rxe5 23. Nxe5 Re8 24. d4 Bd6 25. Nf3 Nd5 26. Bb3 Nb4 27. Ra1 c5
28. dxc5 Bxc5 29. Bc4 Kf8 30. Rc1 f6 31. Bf1 Bd6 32. g3 Rd8 33. h4 Rd7 34. Rc8+
Ke7 35. Rg8 Ke6 36. Ra8 Rb7 37. b3 Bc5 38. Rc8 Kd6 39. h5 Nc6 40. Nd2 Nxa5 41.
Ne4+ Kd7 42. Bh3+ 1-0

[Event "Gibraltar Challengers A"]
[Site "Gibraltar"]
[Date "2019.01.23"]
[Round "3.16"]
[White "Lacrosse, Marc"]
[Black "Kozarcanin, Sead"]
[Result "1-0"]
[WhiteElo "2182"]
[BlackElo "2048"]
[PlyCount "109"]
[EventDate "2019.01.21"]
[EventType "swiss"]
[EventRounds "5"]
[EventCountry "GGB"]

1. d4 d5 2. c4 c6 3. Nf3 Nf6 4. Nc3 a6 5. cxd5 cxd5 6. Bf4 Nc6 7. Rc1 Bf5 8. e3
e6 9. Bd3 Bxd3 10. Qxd3 Bd6 11. Bxd6 Qxd6 12. O-O O-O 13. Na4 Ne4 14. Nc5 Nxc5
15. Rxc5 Rfc8 16. Rfc1 Ne7 17. b4 h6 18. h3 b6 19. Rxc8+ Nxc8 20. Qc3 a5 21.
Ne5 Ne7 22. b5 f6 23. Qc7 Rd8 24. Qxd6 Rxd6 25. Rc7 Kf8 26. Nd3 g5 27. g4 Ke8
28. Rb7 Ng6 29. Kf1 Nf8 30. Ke2 Nd7 31. Ra7 Nf8 32. Nc5 bxc5 33. dxc5 Rd8 34.
c6 Rc8 35. a4 Ng6 36. b6 Rxc6 37. b7 Rc2+ 38. Kd3 Rb2 39. Kc3 Rb6 40. Ra8+ Kd7
41. b8=Q Rxb8 42. Rxb8 Ne5 43. Rh8 Nc4 44. Rxh6 Ke7 45. Rh8 Kd6 46. h4 gxh4 47.
Rxh4 Nb6 48. Kb3 Nd7 49. f4 Nc5+ 50. Ka3 Ne4 51. Rh7 Nd2 52. g5 fxg5 53. fxg5
Ke5 54. Rf7 Nc4+ 55. Kb3 1-0

[Event "Gibraltar Challengers A"]
[Site "Gibraltar"]
[Date "2019.01.23"]
[Round "3.17"]
[White "Crespo, Eugenio"]
[Black "Dhanwani, Aditya"]
[Result "1-0"]
[WhiteElo "2169"]
[BlackElo "1497"]
[PlyCount "50"]
[EventDate "2019.01.21"]
[EventType "swiss"]
[EventRounds "5"]
[EventCountry "GGB"]

1. e4 d6 2. d4 Nf6 3. Nc3 e5 4. Nf3 exd4 5. Nxd4 Be7 6. Be2 O-O 7. g4 Ne8 8.
Be3 a6 9. Qd2 Nd7 10. O-O-O Ne5 11. f4 Nxg4 12. Bxg4 Bxg4 13. Rdg1 Bd7 14. h4
c5 15. Nf3 b5 16. h5 b4 17. Nd5 Nf6 18. Qg2 Ne8 19. f5 Kh8 20. Rh3 f6 21. Nh4
Rf7 22. Ng6+ Kg8 23. Ngxe7+ Rxe7 24. Nxe7+ Qxe7 25. Rg3 Kh8 1-0

[Event "Gibraltar Challengers A"]
[Site "Gibraltar"]
[Date "2019.01.23"]
[Round "3.18"]
[White "Cao Armillas, Jesus"]
[Black "Bengherabi, Khalil"]
[Result "1-0"]
[WhiteElo "2048"]
[BlackElo "2150"]
[PlyCount "59"]
[EventDate "2019.01.21"]
[EventType "swiss"]
[EventRounds "5"]
[EventCountry "GGB"]

1. d4 Nf6 2. c4 e6 3. Nf3 d5 4. g3 Be7 5. Bg2 O-O 6. O-O Nbd7 7. Qc2 c6 8. Nbd2
b6 9. b3 Ba6 10. Bb2 Rc8 11. Rad1 c5 12. dxc5 Bxc5 13. Qb1 Qe7 14. Rc1 Rfd8 15.
e4 dxc4 16. Nxc4 b5 17. Nce5 Bb7 18. Rfe1 Nxe5 19. Nxe5 Bb6 20. Rxc8 Rxc8 21.
Nd3 Rd8 22. Qc2 Ng4 23. Qe2 Rxd3 24. Qxg4 Bxf2+ 25. Kxf2 Rd2+ 26. Re2 Qc5+ 27.
Ke1 Rxb2 28. Rxb2 Qc1+ 29. Qd1 Qxb2 30. Qd8# 1-0

[Event "Gibraltar Challengers A"]
[Site "Gibraltar"]
[Date "2019.01.23"]
[Round "3.19"]
[White "Kukic, Boris"]
[Black "Ramasindraibe, Girard"]
[Result "1-0"]
[WhiteElo "2035"]
[BlackElo "2129"]
[PlyCount "138"]
[EventDate "2019.01.21"]
[EventType "swiss"]
[EventRounds "5"]
[EventCountry "GGB"]

1. d4 Nf6 2. c4 g6 3. Nc3 c5 4. d5 Bg7 5. Nf3 d6 6. e4 O-O 7. Bd3 e6 8. O-O
exd5 9. exd5 Bg4 10. h3 Bxf3 11. Qxf3 Nfd7 12. Bf4 Ne5 13. Qg3 Nbd7 14. Rab1
Re8 15. Rfd1 f5 16. Bf1 Nf6 17. Qh4 Rb8 18. Bg5 Nf7 19. Ne2 Nxg5 20. Qxg5 Ne4
21. Qxd8 Rbxd8 22. f3 Ng5 23. b4 b6 24. bxc5 dxc5 25. a4 Re3 26. h4 Nf7 27. Nf4
Bc3 28. Ne6 Rd6 29. Kf2 Re5 30. Rd3 Bb4 31. Rdb3 Nd8 32. Nf4 Re7 33. Nd3 Bd2
34. g3 Nb7 35. R3b2 Be3+ 36. Kg2 Na5 37. Rc2 Bd4 38. Nf4 Re3 39. Ne6 Bf6 40.
Rb5 Rc3 41. Rxc3 Bxc3 42. Rb1 Rd7 43. Kf2 Kf7 44. Ke3 Ke7 45. Kf4 Kf6 46. Ke3
Nb7 47. Kd3 Bb4 48. Bh3 Nd8 49. Nf4 Nf7 50. Bf1 Re7 51. Ne6 Rd7 52. Ke3 Nd8 53.
Nf4 Re7+ 54. Kd3 Ba5 55. Rd1 Bb4 56. g4 fxg4 57. fxg4 Kg7 58. Bg2 Re5 59. Rf1
Ba3 60. g5 Bb2 61. Rb1 Bd4 62. Be4 Re7 63. a5 bxa5 64. Rb8 Nb7 65. Ne6+ Rxe6
66. dxe6 Nd6 67. Bd5 Be5 68. e7 h6 69. Rd8 hxg5 1-0

[Event "Gibraltar Challengers A"]
[Site "Gibraltar"]
[Date "2019.01.23"]
[Round "3.21"]
[White "Skutta, Bernd"]
[Black "Spacapan, Simon"]
[Result "1-0"]
[WhiteElo "1988"]
[BlackElo "2061"]
[PlyCount "81"]
[EventDate "2019.01.21"]
[EventType "swiss"]
[EventRounds "5"]
[EventCountry "GGB"]

1. d4 d5 2. Bf4 c5 3. e3 Nc6 4. c3 Bf5 5. Qb3 Qd7 6. Nf3 e6 7. Bb5 f6 8. Nbd2
g5 9. Bg3 h5 10. h4 g4 11. Ng1 Nge7 12. dxc5 a6 13. Qa3 Rd8 14. Ba4 Ng6 15. Ne2
e5 16. b4 Be7 17. Rd1 Qc8 18. O-O O-O 19. c4 d4 20. Bxc6 Qxc6 21. exd4 exd4 22.
Nb3 d3 23. Ned4 Qc8 24. Rfe1 Ne5 25. Bxe5 fxe5 26. Rxe5 Bxh4 27. Qc1 Bg6 28.
Qh6 Bxf2+ 29. Kh1 Kf7 30. Ne6 Qxe6 31. Rxe6 Kxe6 32. Qxg6+ Rf6 33. Qe4+ Kf7 34.
Qxb7+ Kg6 35. Qe4+ Kg5 36. Rxd3 Rxd3 37. Qxd3 Rf5 38. c6 g3 39. c7 Re5 40. Qd2+
Kg6 41. Qd6+ 1-0

[Event "Gibraltar Challengers A"]
[Site "Gibraltar"]
[Date "2019.01.23"]
[Round "3.22"]
[White "Ungureanu, Sandu"]
[Black "Adewole, Adeyinka"]
[Result "0-1"]
[WhiteElo "2057"]
[BlackElo "1972"]
[PlyCount "148"]
[EventDate "2019.01.21"]
[EventType "swiss"]
[EventRounds "5"]
[EventCountry "GGB"]

1. c3 d6 2. d4 g6 3. e4 Bg7 4. f4 f5 5. e5 e6 6. Nf3 d5 7. c4 Ne7 8. Nc3 c6 9.
cxd5 Nxd5 10. Qb3 O-O 11. Nxd5 exd5 12. h4 h5 13. Be3 Qb6 14. Qxb6 axb6 15. a3
Re8 16. Rc1 b5 17. Be2 Be6 18. Ng5 Bh6 19. Nxe6 Rxe6 20. Rh3 Nd7 21. Rg3 Kf7
22. Bxb5 cxb5 23. Rc7 Ke8 24. Rxb7 Rb8 25. Ra7 Bf8 26. Rf3 b4 27. a4 Be7 28. g3
Rc6 29. Kd1 Nb6 30. Bc1 Rbc8 31. Bd2 Nc4 32. Bc1 Nxe5 33. dxe5 Rxc1+ 34. Kd2
R8c2+ 35. Kd3 Bc5 36. Ra8+ Kd7 37. Rf1 Rxf1 38. Kxc2 Rf2+ 39. Kb3 Rf3+ 40. Kc2
b3+ 41. Kd2 Rxg3 42. a5 Bb4+ 43. Ke2 Rg2+ 44. Kd3 Rd2+ 45. Ke3 d4+ 46. Kf3 Rxb2
47. a6 Ra2 48. Rb8 Ra4 49. a7 b2 50. a8=Q Rxa8 51. Rxb4 Ra3+ 52. Kg2 Ra2 53.
Kf3 Kc6 54. Rb8 Kd5 55. Rb4 Kc5 56. Rb8 Kc4 57. Rc8+ Kd3 58. Rb8 Kd2 59. e6
Ra3+ 60. Kf2 Kc2 61. Rc8+ Rc3 62. Rxc3+ dxc3 63. e7 b1=Q 64. e8=Q Qa2 65. Qb5
Kd1+ 66. Kf1 c2 67. Qd3+ Kc1 68. Kf2 Qa7+ 69. Kf1 Qc5 70. Kg2 Kb2 71. Qd2 Qc3
72. Qe2 Qc6+ 73. Kf2 Qd5 74. Kg3 Kb1 0-1

[Event "Gibraltar Challengers A"]
[Site "Gibraltar"]
[Date "2019.01.23"]
[Round "3.23"]
[White "Hamer, Martyn"]
[Black "Sikkel, Dirk"]
[Result "1-0"]
[WhiteElo "2046"]
[BlackElo "1943"]
[PlyCount "89"]
[EventDate "2019.01.21"]
[EventType "swiss"]
[EventRounds "5"]
[EventCountry "GGB"]

1. d4 g6 2. c4 Bg7 3. e4 d6 4. Nc3 e5 5. d5 a5 6. Be3 Nd7 7. Be2 Nc5 8. g4 Bh6
9. Qd2 Bxe3 10. Qxe3 f6 11. O-O-O Ne7 12. f4 exf4 13. Qxf4 O-O 14. Nf3 g5 15.
Qg3 Ng6 16. h4 Qe7 17. hxg5 fxg5 18. e5 Nxe5 19. Nxe5 Qxe5 20. Qxe5 dxe5 21.
Rh5 Rf7 22. Rxg5+ Rg7 23. Rxg7+ Kxg7 24. Nb5 Bd7 25. Nxc7 Rc8 26. d6 Ne4 27. b3
Nxd6 28. Rxd6 Rxc7 29. Rd5 Kf6 30. Rxa5 Bc6 31. Kd2 Rd7+ 32. Ke3 Rd4 33. Bf3
Bxf3 34. Kxf3 Rf4+ 35. Kg3 Rf1 36. Ra8 Ke6 37. Rh8 Rf7 38. a4 Rd7 39. Kh4 b6
40. Rb8 Rd6 41. Kg5 Rc6 42. Re8+ Kd6 43. Kf5 Rc7 44. Re6+ Kd7 45. Rxb6 1-0